000 00518nam a2200169 i 4500
001 84506
003 ES-MaACL
005 20230906175027.0
007 t|
008 041123s1964 sp ||||1| spa d
100 1 _aJohann, A. E.
_966716
245 1 0 _aViaje alrededor del mundo /
_cA.E. Johann ; [traducción por Francisco Payarols].
260 _aBarcelona :
_bLabor,
_c[1964]
300 _aVIII, 503 p., 20 lám. :
_bil. ;
_c20 cm.
700 1 _aPayarols, Francisco.
_989715
852 _aES-MaACL
_jC-26681
_bR.55642
999 _c84506
_d84506